00289nam a2200109Ia 4500008004100000041000800041082001700049245004100066250000600107260005800113300000800171210716s2004 xx 000 0 und d aeng a303.484 ICFA aCase studies on innovation in India. a1 aHyderabadbICFAI centre for management researchc2004 a275